Score 0/40 Timer 05:00
0 Plays Today
% Correct
tomato
46.4%
chisel
46%
either
45.7%
sister
44.6%
eleven
44.5%
mantra
44.4%
rustic
43.6%
feline
43.4%
nutmeg
40.7%
tenant
40.3%
person
38.3%
yonder
37.9%
animal
37.8%
joyful
37.7%
office
36.5%
retail
36.2%
assist
35.3%
budget
34.3%
cellar
33.7%
gender
33.7%
% Correct
merman
32.6%
extend
31.9%
nipper
30.5%
breath
30.4%
design
29.3%
career
29.2%
garlic
29%
sorbet
28.1%
intend
27.4%
letter
27.2%
velvet
25.9%
hollow
24.7%
solely
23.6%
undone
20.6%
kinder
19.1%
summit
18.6%
reward
17.5%
queasy
17.4%
zester
16.5%
walker
14.6%
Remove Ads.
Support Sporcle.
Get the best of Sporcle when you Go Orange. This ad-free experience offers more features, more stats, and more fun while also helping to support Sporcle. Thank you for becoming a member.

You're not logged in!

Compare scores with friends on all Sporcle quizzes.
OR
Log In

Sporcle TV

Today on Sporcle TV


Watch our educational content, quiz creation guides, and fun videos on Sporcle TV.

Show Comments

Extras

Top Quizzes Today


Score Distribution

Paid Content

Your Account Isn't Verified!

In order to create a playlist on Sporcle, you need to verify the email address you used during registration. Go to your Sporcle Settings to finish the process.

Report this User

Report this user for behavior that violates our Community Guidelines.

Details: